Missing Word: 'G' Actor Movies Quiz Stats

 Plays Quiz Updated Sep 4, 2015

Score 0/30 Timer 03:00
0 Plays Today
Hint Answer % Correct
Jake GyllenhaalDay
98.2%
Mel GibsonWeapon
98.1%
Jennifer GarnerCatch
96.5%
Hugh GrantFuneral
96.4%
Jennifer GarnerGoing
93.6%
Jennifer GarnerClub
93.5%
Ryan GoslingIdes
90.6%
Jake GyllenhaalBrokeback
87.4%
Jake GyllenhaalDonnie
87.2%
Hugh GrantNotting
85.5%
Hugh GrantBlue
84.3%
Jeff GoldblumJurassic
83.2%
Hugh GrantAbout
81.5%
Hugh GrantActually
77%
Ryan GoslingStupid
75.4%
Hint Answer % Correct
Jeff GoldblumIndependence
72.8%
Mel GibsonThunderdome
69.3%
Ryan GoslingGod
63.2%
Jennifer GarnerGhosts
62.5%
Mel GibsonSoldiers
50.3%
Ryan GoslingSquad
36%
Jennifer GarnerInvention
35.8%
Jake GyllenhaalSource
25.8%
Mel GibsonEdge
24.8%
Jeff GoldblumIgby
21.1%
Ryan GoslingNelson
18.9%
Jake GyllenhaalWatch
16.6%
Mel GibsonMachete
11.8%
Jeff GoldblumCover
6.4%
Jeff GoldblumHoly
2.8%

Today's Daily Dose

Word Ladder
In Hot 'Water'

Quick Pick
Opera Composers

Get the Picture
The Office Accountants

You're not logged in!

Compare scores with friends on all Sporcle quizzes.
OR
Log In

Show Comments

Extras

Top Quizzes Today


Score Distribution

Your Account Isn't Verified!

In order to create a playlist on Sporcle, you need to verify the email address you used during registration. Go to your Sporcle Settings to finish the process.

Report this User

Report this user for behavior that violates our Community Guidelines.

Details: